00505nam a2200193 a 4500001001300000003000900013005001700022008004100039020001000080082002000090100001500110245002500125260003900150300000800189500003500197505003400232650003000266700001500296nice12345678IN_TiNIC20260116015254.0050524s1941 boma grp 000 0 eng  ac10000a324.245408bMIR aMirza, B A aHindu Muslim Problem aBombaybThacker and Co., Ltdc1941 a92p aincludes index and biblioraphy2 aGlossary, Bibliography, Index aBritish-India Communalism1 aMirza, B A